|
|
|
|
| LEADER |
00934nab a2200229 i 4500 |
| 001 |
acta80305 |
| 005 |
20230826104553.0 |
| 008 |
230804s1988 hu o 0|| hun d |
| 022 |
|
|
|a 0422-9576
|
| 040 |
|
|
|a SZTE Egyetemi Kiadványok Repozitórium
|b hun
|
| 041 |
|
|
|a hun
|
| 100 |
1 |
|
|a Biacs Péter
|
| 245 |
1 |
0 |
|a Beszámoló az 1988. évi Vegyészkonferenciáról
|h [elektronikus dokumentum] /
|c Biacs Péter
|
| 260 |
|
|
|a Pallas Lap- és Könyvkiadó Vállalat
|b Budapest
|c 1988
|
| 300 |
|
|
|a 234-240
|
| 490 |
0 |
|
|a Élelmiszervizsgálati közlemények
|v 34 No. 4
|
| 650 |
|
4 |
|a Műszaki és technológiai tudományok
|
| 650 |
|
4 |
|a Egyéb műszaki tudományok és technológiák
|
| 650 |
|
4 |
|a Élelmiszer és italfélék
|
| 695 |
|
|
|a Élelmiszerkémia - módszer - konferencia - beszámoló
|
| 700 |
0 |
1 |
|a Váradi Mária
|e aut
|
| 856 |
4 |
0 |
|u http://acta.bibl.u-szeged.hu/80305/1/elelmiszervizsgalati_kozlemenyek_1988_04_234-240.pdf
|z Dokumentum-elérés
|